Library of the University of Algiers 3
Ibrahim Sultan Cheibout
شعار جامعة الجزائر 3
مكتبة جامعة الجزائر 3
إبراهيم سلطان شيبوط

دراسات الجدوى وتقييم المشروعات / (رقم التسجيلة. 45599)

تفاصيل مارك
000 -LEADER
fixed length control field 00984nam a2200241Ia 4500
003 - CONTROL NUMBER IDENTIFIER
control field Ost
005 - DATE AND TIME OF LATEST TRANSACTION
control field 20260507075651.0
008 - FIXED-LENGTH DATA ELEMENTS--GENERAL INFORMATION
fixed length control field 260507s9999||||xx |||||||||||||| ||und||
020 ## - INTERNATIONAL STANDARD BOOK NUMBER
International Standard Book Number ×476119957
040 ## - CATALOGING SOURCE
Transcribing agency fsecg
041 ## - LANGUAGE CODE
Language code of text/sound track or separate title ara
082 ## - DEWEY DECIMAL CLASSIFICATION NUMBER
Classification number 330.15
100 ## - MAIN ENTRY--PERSONAL NAME
Personal name الموسوي، عبد الرسول عبد الرزاق
Relator term مؤلف
245 #0 - TITLE STATEMENT
Title دراسات الجدوى وتقييم المشروعات /
Statement of responsibility, etc. عبد الرسول عبد الرزاق الموسوي
260 ## - PUBLICATION, DISTRIBUTION, ETC.
Place of publication, distribution, etc. عمان:
Name of publisher, distributor, etc. دار وائل للنشر والتوزيع,
Date of publication, distribution, etc. 2004
300 ## - PHYSICAL DESCRIPTION
Extent 297 صفحة؛
Other physical details إيضاحات ؛
Dimensions 25 سم
504 ## - BIBLIOGRAPHY, ETC. NOTE
Bibliography, etc. note المراجع ص.257 الملاحق ص.261
520 ## - SUMMARY, ETC.
Summary, etc. عناصر التحليل الإقتصادي- معايير التقييم المالي والإقتصادي- التقييم الإجتماعي والإقتصادي.
653 ## - INDEX TERM--UNCONTROLLED
Uncontrolled term التحليل الإقتصادي
653 ## - INDEX TERM--UNCONTROLLED
Uncontrolled term التقييم
653 ## - INDEX TERM--UNCONTROLLED
Uncontrolled term المشاريع
942 ## - ADDED ENTRY ELEMENTS (KOHA)
Koha item type كتب
المقتنيات
Withdrawn status Lost status Source of classification or shelving scheme Damaged status Not for loan Home library Current library Date acquired Serial enumeration / chronology Inventory number Total checkouts Full call number Barcode Date last seen Price effective from Koha item type
    Dewey Decimal Classification   Available مكتبة كلية العلوم الإقتصادية والعلوم التجارية وعلوم التسيير مكتبة كلية العلوم الإقتصادية والعلوم التجارية وعلوم التسيير 07/05/2026 مكتبة بن عكنون 1735/10   أ/1735ن10 1735/10 07/05/2026 07/05/2026 كتب
        Available مكتبة كلية العلوم الإقتصادية والعلوم التجارية وعلوم التسيير مكتبة كلية العلوم الإقتصادية والعلوم التجارية وعلوم التسيير 07/05/2026 مكتبة بن عكنون 1735/9   أ/1735ن9 1735/9 07/05/2026 07/05/2026 كتب

موارد الويب المفتوحة


© University of Algiers 3 All Rights Reserved
|
Implemented by LECHELAH Riad